| 000 | 00354nam a2200145Ia 4500 | ||
|---|---|---|---|
| 005 | 20251222152623.0 | ||
| 008 | 251222s9999||||xx |||||||||||||| ||spa|| | ||
| 020 | _a970260690X | ||
| 082 | _a468.1/C78 | ||
| 100 | _aCorrea Pérez, Alicia | ||
| 245 | 0 | _aEl Placer de la Escritura | |
| 250 | _a3ra.ed. | ||
| 264 | _bPearson Educación S.A. | ||
| 942 | _cLIB | ||
| 999 |
_c27427 _d27427 |
||